00788 a2200181 45000010006000000050017000060080041000230030015000640400040000790800109001192450092002280200018003202640029003383000018003675050185003850410008005701000028005785311720260407155805.0260407a1986 arg spa dAR-UNSa-BCEJYS aAR-UNSa-BCEJYSbspacAR-UNSa-BCEJYS a339.9xEconomía internacional en general. Relaciones económicas internacionales. Economía mundial 10aNaciones ricas, naciones pobrespensayos sobre la persuasión política y económica a950-37-0188-0 1aBarcelona :bArielc1986 a87 p.c19 cm. a1. Acerca de la riqueza y la sabiduría - 2. Las exigencias del proceso histórico - 3. El segundo réquiem imperial - 4. El nexo militar - 5. El proceso histórico y los ricos aspa1 aGalbraith, John Kenneth